Rafael Benitez' Valencia - Statistics

General Stats
  • This quiz has been taken 11 times
  • The average score is 18 of 43
Answer Stats
Rank Player Position Nationality Matches Goals Assists % Correct
6 Pablo Aimar Attacking Midfield 123 21 27
90%
3 Roberto Ayala Centre-Back 125 4 2
90%
2 Santiago Cañizares Goalkeeper 129 0 1
90%
7 David Albelda Defensive Midfield 119 5 8
80%
15 John Carew Centre-Forward 70 14 7
80%
1 Amedeo Carboni Left-Back 133 0 4
70%
25 Jorge López Right Winger 29 4 7
70%
8 Rubén Baraja Central Midfield 118 26 12
70%
12 Miguel Ángel Angulo Second Striker 105 16 14
60%
5 Vicente Left Winger 123 18 28
60%
30 Adrian Ilie Centre-Forward 14 5 1
50%
21 Andrés Palop Goalkeeper 34 0 0
50%
13 Carlos Marchena Centre-Back 103 3 2
50%
4 Francisco Rufete Right Winger 124 17 13
50%
32 Jocelyn Angloma Right-Back 4 0 0
50%
10 Mauricio Pellegrino Centre-Back 112 5 1
50%
20 Miroslav Djukic Centre-Back 36 1 0
50%
11 Curro Torres Right-Back 106 2 5
40%
39 David Sánchez Defender 1 0 0
40%
14 Juan Sánchez Centre-Forward 87 19 12
40%
9 Mista Centre-Forward 118 41 11
40%
28 Anthony Réveillère Right-Back 24 1 2
30%
27 David Navarro Centre-Back 28 1 0
30%
18 Gonzalo de los Santos Defensive Midfield 45 2 0
30%
19 Javier Garrido Right-Back 38 1 3
30%
17 Kily González Left Midfield 52 4 10
30%
37 Miguel Albiol Right Midfield 2 0 0
30%
23 Mohamed Sissoko Defensive Midfield 32 1 2
30%
34 Raúl Albiol Centre-Back 2 0 0
30%
24 Salva Ballesta Centre-Forward 31 7 5
30%
40 César Soriano Left-Back 1 0 0
20%
38 David Rangel Goalkeeper 1 0 0
20%
29 Fabián Canobbio Attacking Midfield 22 2 1
20%
16 Fábio Aurélio Left-Back 61 11 4
20%
35 Jaime Gavilán Left Winger 2 0 0
20%
43 Jean Félix Dorothée Right Midfield 1 0 0
20%
36 Joaquín Enguix Right Midfield 2 0 0
20%
41 Pablo Redondo Attacking Midfield 1 0 0
20%
22 Xisco Muñoz Second Striker 33 3 5
20%
31 Borja Criado Right Midfield 4 0 0
10%
33 Dennis Șerban Central Midfield 4 0 0
10%
42 Jandro Castro Attacking Midfield 1 0 0
10%
26 Ricardo Oliveira Centre-Forward 29 9 4
10%
No matching quizzes found
Score Distribution
Percent of People with Each Score
Percentile by Number Answered
Your Score History
You have not taken this quiz